000
00296nam a22001337a 4500
008
181017b xxu||||| |||| 00| 0 eng d
020
_a
9780443040399
041
_a
eng
080
_a
611.085
100
_a
9
101
_a
HIS
245
_a
Extranodal Lymphomas
_c
Isaacson,P.G
942
_2
udc
_c
BK
999
_c
49971
_d
49971